| 000 | 00613nam a2200193 a 4500 | ||
|---|---|---|---|
| 001 | 000042714 | ||
| 005 | 20201002040337.0 | ||
| 008 | 140205s2002 sp 000 0 spa d | ||
| 020 | _a8433961748 | ||
| 040 |
_aDO-SdBNP _bspa _cBNPHU |
||
| 082 |
_axxx _bN322b |
||
| 100 | 1 |
_aNavarro, Vicenç _970027 |
|
| 245 | 1 | 0 |
_aBienestar insuficiente, democracia incompleta : _bsobre lo que no se habla en nuestro país / _cVicenç Navarro. |
| 260 |
_aBarcelona : _bAnagrama, _c2002. |
||
| 300 |
_a216 p. ; _c22 cm. |
||
| 490 | 1 |
_aArgumentos _v283 |
|
| 586 | _aXXX Premio Anagrama de Ensayo | ||
| 830 | 0 |
_aArgumentos _n283 _970028 |
|
| 999 |
_c42203 _d42203 |
||